书目信息 |
| 题名: |
情商与人生 性格与人生 心态与人生
|
|
| 作者: | 文德 编著 | |
| 分册: | ||
| 出版信息: | 北京 中国华侨出版社 2018 |
|
| 页数: | 346页 | |
| 开本: | 29cm | |
| 丛书名: | ||
| 单 册: | ||
| 中图分类: | B842.6 , B848.6 | |
| 科图分类: | ||
| 主题词: | 情商--qing shang--通俗读物 , 性格--xing ge--通俗读物 , 人生哲学--ren sheng zhe xue--通俗读物 | |
| 电子资源: | ||
| ISBN: | 978-7-5113-4655-1 | |
| 000 | 01084nam0 2200289 45 | |
| 001 | 012001004500 | |
| 005 | 20140124141211.0 | |
| 010 | @a978-7-5113-4655-1@dCNY59.80 | |
| 099 | @aCAL 012014109493 | |
| 100 | @a20140827d2014 em y0chiy50 ea | |
| 101 | 0 | @achi |
| 102 | @aCN@b110000 | |
| 105 | @ay z 000yy | |
| 106 | @ar | |
| 200 | 1 | @a情商与人生 性格与人生 心态与人生@Aqing shang yu ren sheng xing ge yu ren sheng xin tai yu ren sheng@f文德编著 |
| 210 | @a北京@c中国华侨出版社@d2018 | |
| 215 | @a346页@d29cm | |
| 300 | @a超值白金版 | |
| 330 | @a本书分为三个部分, 分别深入阐述了情商与人生、性格与人生、心态与人生的密切关系, 揭示了情商、性格、心态对人生命运的巨大作用, 教会人们自觉地提高情商, 改善性格, 调整心态, 从而获得成功的人生。书中一个个平凡的小故事, 蕴含着深刻的人生哲理。 | |
| 606 | 0 | @a情商@Aqing shang@j通俗读物 |
| 606 | 0 | @a性格@Axing ge@j通俗读物 |
| 606 | 0 | @a人生哲学@Aren sheng zhe xue@j通俗读物 |
| 690 | @aB842.6@v5 | |
| 690 | @aB848.6@v5 | |
| 701 | 0 | @a文德@Awen de@4编著 |
| 801 | 0 | @aCN@b江苏凤凰@c20191020 |
| 905 | @b1238695-9@dB842.6@e3454@f5 | |
| 情商与人生 性格与人生 心态与人生/文德编著.-北京:中国华侨出版社,2018 |
| 346页;29cm |
| 超值白金版 |
| ISBN 978-7-5113-4655-1:CNY59.80 |
| 本书分为三个部分, 分别深入阐述了情商与人生、性格与人生、心态与人生的密切关系, 揭示了情商、性格、心态对人生命运的巨大作用, 教会人们自觉地提高情商, 改善性格, 调整心态, 从而获得成功的人生。书中一个个平凡的小故事, 蕴含着深刻的人生哲理。 |
| ● |
| 相关链接 |
|
|
|
|
正题名:情商与人生 性格与人生 心态与人生
索取号:B842.6/3454
 
预约/预借
| 序号 | 登录号 | 条形码 | 馆藏地/架位号 | 状态 | 备注 |
| 1 | 1238695 | 212386951 | 第一样本阅览室/ [索取号:B842.6/3454] | 在馆 | |
| 2 | 1238696 | 212386960 | 教育系资料室/ [索取号:B842.6/3454] | 在馆 | |
| 3 | 1238697 | 212386979 | 教育系资料室/ [索取号:B842.6/3454] | 在馆 | |
| 4 | 1238698 | 212386988 | 第一借阅区/ [索取号:B842.6/3454] | 在馆 | |
| 5 | 1238699 | 212386997 | 第一借阅区/ [索取号:B842.6/3454] | 在馆 |